Supreme court on criminal law (1950-1996) v1- a to compensation, v2-complainent to eye-witness, v3-fabrication to lunatics, v5-raw materials to zone (Record no. 91909)
[ view plain ]
| 000 -LEADER | |
|---|---|
| fixed length control field | 00505nam a2200157Ia 4500 |
| 008 - FIXED-LENGTH DATA ELEMENTS--GENERAL INFORMATION | |
| fixed length control field | 230917s9999||||xx |||||||||||||| ||und|| |
| 040 ## - CATALOGING SOURCE | |
| -- | 95955 |
| Original cataloging agency | VIVEKANANDA LIBRARY |
| 041 ## - Language | |
| -- | English |
| 082 ## - DDC NUMBER | |
| Classification number | 345 K156S(5) |
| 100 ## - MAIN ENTRY--PERSONAL NAME | |
| Personal name | Kathuria, R P |
| 245 #0 - TITLE STATEMENT | |
| Title | Supreme court on criminal law (1950-1996) v1- a to compensation, v2-complainent to eye-witness, v3-fabrication to lunatics, v5-raw materials to zone |
| 250 ## - EDITION STATEMENT | |
| Edition statement | 5th ed. |
| 260 ## - PUBLICATION, DISTRIBUTION, ETC. (IMPRINT) | |
| Place of publication, distribution, etc | New Delhi |
| Name of publisher, distributor, etc | Professional |
| Date of publication, distribution, etc | 1968 |
| 300 ## - PHYSICAL DESCRIPTION | |
| Pages | xxviii, 1212 p. |
| 942 ## - ADDED ENTRY ELEMENTS (KOHA) | |
| Koha item type | Books |
| Withdrawn status | Lost status | Damaged status | Not for loan | Location (home branch) | Sublocation or collection (holding branch) | Date acquired | Koha issues (times borrowed) | Koha full call number | Accession No. | Koha date last seen | Koha item type |
|---|---|---|---|---|---|---|---|---|---|---|---|
| VIVEKANANDA LIBRARY | VIVEKANANDA LIBRARY | 16/07/2003 | 345 K156S(5) | 172840 | 17/09/2023 | Books | |||||
| VIVEKANANDA LIBRARY | VIVEKANANDA LIBRARY | 16/07/2003 | 345 K156S(5) | 172841 | 17/09/2023 | Books | |||||
| VIVEKANANDA LIBRARY | VIVEKANANDA LIBRARY | 16/07/2003 | 345 K156S(5) | 172842 | 17/09/2023 | Books | |||||
| VIVEKANANDA LIBRARY | VIVEKANANDA LIBRARY | 16/07/2003 | 345 K156S(5) | 172843 | 17/09/2023 | Books | |||||
| VIVEKANANDA LIBRARY | VIVEKANANDA LIBRARY | 16/07/2003 | 345 K156S(5) | 172844 | 17/09/2023 | Books |
